Argentina, una intensa travesia / (Record no. 531587)

000 -LEADER
fixed length control field 00371nam a22001457a 4500
003 - CONTROL NUMBER IDENTIFIER
control field NUST
020 ## - INTERNATIONAL STANDARD BOOK NUMBER
International Standard Book Number 9789879898345
Qualifying information H/B.
038 ## - RECORD CONTENT LICENSOR
Staff Name waseem
082 ## - DEWEY DECIMAL CLASSIFICATION NUMBER
Classification number 333.7
Author Mark ZEC
100 ## - MAIN ENTRY--PERSONAL NAME
Personal name Zecchin, Gigliola
9 (RLIN) 24463
245 ## - TITLE STATEMENT
Title Argentina, una intensa travesia /
Statement of responsibility, etc. Gigliola Zecchin
260 ## - PUBLICATION, DISTRIBUTION, ETC.
Place of publication, distribution, etc. Buenos Aires :
Name of publisher, distributor, etc. Laboratirios,
Date of publication, distribution, etc. 2012.
300 ## - PHYSICAL DESCRIPTION
Extent 200 p. ;
942 ## - ADDED ENTRY ELEMENTS (KOHA)
Source of classification or shelving scheme
Koha item type Book
Holdings
Withdrawn status Lost status Source of classification or shelving scheme Damaged status Not for loan Permanent Location Current Location Date acquired Source of acquisition Full call number Barcode Date last seen Price effective from Koha item type
          Central Library (CL) Central Library (CL) 10/21/2019 Donation 333.7 ZEC CL-D-731 10/21/2019 10/21/2019 Reference
© 2023 Central Library, National University of Sciences and Technology. All Rights Reserved.